Online marketing: šírte blogový obsah cez sociálne siete!

Pokračovanie článku z predchádzajúceho čísla o tom, ako v konkurerenčnom prostredí online marketingu zaujať a prilákať zákazníkov prostredníctvom webových stránok.

Salvato in:
Dettagli Bibliografici
Autore principale: Drahošová, Martina
Altri autori: Balco, Peter
Natura: Capitolo di libro
Lingua:slovacco
Soggetti:
Tags: Aggiungi Tag
Nessun Tag, puoi essere il primo ad aggiungerne!!

MARC

LEADER 00000naa$a2200000$$$4500
001 0217153
005 20230912114921.0
041 0 |a slo 
044 |a SK 
245 1 0 |a Online marketing: šírte blogový obsah cez sociálne siete!  |c Martina Drahošová, Peter Balco 
520 |a Pokračovanie článku z predchádzajúceho čísla o tom, ako v konkurerenčnom prostredí online marketingu zaujať a prilákať zákazníkov prostredníctvom webových stránok. 
610 2 0 |a marketing elektronický 
610 2 0 |a komunikácia marketingová 
610 2 0 |a stratégia marketingová 
610 2 0 |a internet 
610 2 0 |a stránky webové 
610 2 0 |a médiá sociálne 
100 1 |a Drahošová, Martina 
700 1 |a Balco, Peter